Kvalita na pódiu SF

Bibliographic Details
Format: Article
Language:Slovak
Subjects:

MARC

LEADER 00000nab a2200000 ar4500
001 vtls009357421
003 SK-MaSNL
005 20260303194456.0
008 081105c19740216xo |r|p|||||||000 b|slo
015 |a SNBRB1974 
038 |a SNKBUCL 
040 |a SNKBUCL  |b slo  |c SNKBUCL  |e AACR2 
041 |a slo 
044 |a xo  |c SK 
080 |a 78.071.2:785.11  |2 1997 
080 |a 785.11  |2 1997 
245 0 0 |a Kvalita na pódiu SF  |c [autor] ki 
610 2 7 |a Slovenská filharmónia  |2 snkbucl  |9 145774 
648 7 |a 1973  |2 snkbucl  |9 282428 
773 0 |t Ľud  |g (16.2.1974), s. 5 
852 |a SNK  |b KIS3GCP 
958 |a SK 
999 |c 2157721  |d 2159651